Online
Catalog
Normal view MARC view

Entry Nombre geográfico

Number of records used in: 15

001 - NÚMERO DE CONTROL

  • campo de control: 30546

003 - IDENTIFICADOR DEL NÚMERO DE CONTROL

  • campo de control: OSt

005 - FECHA Y HORA DE LA ÚLTIMA TRANSACCIÓN

  • campo de control: 20200615033242.0

008 - DATOS DE LONGITUD FIJA

  • campo de control de longitud fija: 200615|| aca||aabn | a|a d

040 ## - FUENTE DE LA CATALOGACIÓN

  • Centro catalogador/agencia de origen: OSt
  • Centro/agencia transcriptor: OSt

151 ## - ENCABEZAMIENTO--NOMBRE GEOGRÁFICO

  • Nombre geográfico: REPÚBLICA DOMINICANA
  • Subdivisión general: POLÍTICA Y GOBIERNO
  • Subdivisión cronológica: ERA DE TRUJILLO, 1930-1961
  • Subdivisión general: ENSAYOS, CONFERENCIAS, ETC

670 ## - FUENTE DE DATOS ENCONTRADOS

  • Cita de la fuente: Work cat.: (OSt)12973: Trujillo Molina, Héctor B., 1908-2002 30545, Discursos y mensajes 1952 - 1957 /, 19--?].

Powered by Koha